[Event "FICGS class M 000024 email"]
[Site "FICGS email"]
[Date "2008.10.17"]
[Round "1"]
[White "Rotaru, Dan"]
[Black "Stephenson, Andrew"]
[Result "1-0"]
[WhiteElo "2234"]
[BlackElo "2264"]
[PlyCount "33"]
[EventDate "2008.??.??"]
[EventType "tourn (corr)"]
[EventRounds "6"]
[SourceTitle "Corr 2022"]
[Source "ChessBase"]
[SourceDate "2021.10.24"]
[SourceVersion "1"]
[SourceVersionDate "2021.10.24"]
[SourceQuality "1"]

1. d4 d5 2. c4 c6 3. Nf3 Nf6 4. Nc3 e6 5. Bg5 h6 6. Bxf6 Qxf6 7. e3 Nd7 8. Bd3 dxc4 9. Bxc4 g6 10. 0-0 Bg7 11. Rc1 0-0 12. Qc2 b6 13. Bd3 Bb7 14. Be4 Qe7 15. Qa4 Rfc8 16. Ne2 b5 17. Qc2 1-0

[Event "FICGS W-ch final email"]
[Site "FICGS email"]
[Date "2008.08.22"]
[Round "1"]
[White "Borisovs, Leonids"]
[Black "Stephenson, Andrew"]
[Result "1-0"]
[WhiteElo "2170"]
[BlackElo "2256"]
[PlyCount "81"]
[EventDate "2008.??.??"]
[EventType "tourn (corr)"]
[EventRounds "6"]
[EventCategory "5"]
[SourceTitle "Corr 2022"]
[Source "ChessBase"]
[SourceDate "2021.10.24"]
[SourceVersion "1"]
[SourceVersionDate "2021.10.24"]
[SourceQuality "1"]

1. e4 c5 2. Nf3 d6 3. d4 cxd4 4. Nxd4 Nf6 5. Nc3 a6 6. Be3 e5 7. Nb3 Be6 8. Be2 Be7 9. 0-0 0-0 10. Qd2 Nbd7 11. a4 Rc8 12. a5 Nc5 13. Nxc5 dxc5 14. Qe1 c4 15. Bb6 Qd6 16. Bf3 Bd8 17. Ba7 Re8 18. Qe3 Qb4 19. Ra4 Qxb2 20. Be2 Bd7 21. Raa1 Qb4 22. Rfb1 Qd6 23. Rxb7 Qc6 24. Rbb1 Be6 25. h3 h6 26. Bf3 Be7 27. Rb6 Qa8 28. Rb2 Qc6 29. Qb6 Bc5 30. Qxc5 Qxc5 31. Bxc5 Rxc5 32. Kf1 Ra8 33. Rb7 Kf8 34. Ke2 Bc8 35. Rb4 Be6 36. Ke3 Ke7 37. Rb7+ Kf8 38. Be2 Rd8 39. Rb6 Ra8 40. h4 Nd7 41. Rb7 1-0

[Event "FICGS W-ch final email"]
[Site "FICGS email"]
[Date "2008.08.22"]
[Round "1"]
[White "Stephenson, Andrew"]
[Black "Khachaturov, Vadim"]
[Result "1/2-1/2"]
[WhiteElo "2256"]
[BlackElo "2090"]
[PlyCount "85"]
[EventDate "2008.??.??"]
[EventType "tourn (corr)"]
[EventRounds "6"]
[EventCategory "5"]
[SourceTitle "Corr 2022"]
[Source "ChessBase"]
[SourceDate "2021.10.24"]
[SourceVersion "1"]
[SourceVersionDate "2021.10.24"]
[SourceQuality "1"]

1. d4 Nf6 2. c4 g6 3. Nc3 Bg7 4. e4 d6 5. Nf3 0-0 6. Be2 e5 7. 0-0 Nc6 8. d5 Ne7 9. b4 Nh5 10. Re1 f5 11. Ng5 Nf6 12. f3 Kh8 13. Ne6 Bxe6 14. dxe6 Nh5 15. g3 Bf6 16. exf5 Nxf5 17. g4 e4 18. Nxe4 Bxa1 19. Bg5 Bd4+ 20. Kh1 Qe8 21. e7 Nxe7 22. Qxd4+ Ng7 23. b5 Ng8 24. Bd2 Qf7 25. Bc3 h6 26. f4 Rae8 27. Rf1 Nf6 28. Bf3 Nxe4 29. Bxe4 Kh7 30. Bxb7 Ne6 31. Qd2 Nc5 32. Bd5 Qe7 33. Ba5 Ne4 34. Qg2 Nf6 35. Bc6 Qe6 36. Bxe8 Rxe8 37. g5 Ne4 38. gxh6 Qxc4 39. Rg1 Rg8 40. Bxc7 Qd5 41. Rc1 g5 42. f5 g4 43. Ba5 1/2-1/2

[Event "FICGS class M 000022 email"]
[Site "FICGS email"]
[Date "2008.07.29"]
[Round "1"]
[White "Stephenson, Andrew"]
[Black "Bezemer, Arno"]
[Result "0-1"]
[WhiteElo "2256"]
[BlackElo "2324"]
[PlyCount "26"]
[EventDate "2008.??.??"]
[EventType "tourn (corr)"]
[EventRounds "6"]
[SourceTitle "Corr 2022"]
[Source "ChessBase"]
[SourceDate "2021.10.24"]
[SourceVersion "1"]
[SourceVersionDate "2021.10.24"]
[SourceQuality "1"]

1. d4 Nf6 2. c4 g6 3. Nc3 d5 4. Bg5 Ne4 5. Bh4 Nxc3 6. bxc3 dxc4 7. Qa4+ Qd7 8. Qxc4 b6 9. Bg3 c5 10. Be5 Ba6 11. Qb3 f6 12. Bxb8 Rxb8 13. Nf3 e6 0-1

[Event "FICGS class M 000021 email"]
[Site "FICGS email"]
[Date "2008.07.12"]
[Round "1"]
[White "Moreira, Jose"]
[Black "Stephenson, Andrew"]
[Result "1-0"]
[WhiteElo "2241"]
[BlackElo "2256"]
[PlyCount "45"]
[EventDate "2008.??.??"]
[EventType "tourn (corr)"]
[EventRounds "6"]
[SourceTitle "Corr 2022"]
[Source "ChessBase"]
[SourceDate "2021.10.24"]
[SourceVersion "1"]
[SourceVersionDate "2021.10.24"]
[SourceQuality "1"]

1. e4 c5 2. Nf3 d6 3. d4 cxd4 4. Nxd4 Nf6 5. Nc3 a6 6. Be3 e5 7. Nb3 Be6 8. f3 Be7 9. Qd2 0-0 10. 0-0-0 Nbd7 11. g4 b5 12. g5 b4 13. Ne2 Ne8 14. f4 a5 15. f5 Bxb3 16. cxb3 a4 17. bxa4 Rxa4 18. b3 Ra5 19. Kb1 d5 20. exd5 Bc5 21. Bxc5 Nxc5 22. Qxb4 Nd6 23. Nc3 1-0

[Event "FICGS class M 000021 email"]
[Site "FICGS email"]
[Date "2008.07.12"]
[Round "1"]
[White "Simmelink, Joop Theo"]
[Black "Stephenson, Andrew"]
[Result "1/2-1/2"]
[WhiteElo "2379"]
[BlackElo "2256"]
[PlyCount "59"]
[EventDate "2008.??.??"]
[EventType "tourn (corr)"]
[EventRounds "6"]
[SourceTitle "Corr 2022"]
[Source "ChessBase"]
[SourceDate "2021.10.24"]
[SourceVersion "1"]
[SourceVersionDate "2021.10.24"]
[SourceQuality "1"]

1. e4 e5 2. Nf3 Nc6 3. Bb5 a6 4. Ba4 Nf6 5. 0-0 Be7 6. Re1 b5 7. Bb3 d6 8. c3 0-0 9. h3 Na5 10. Bc2 c5 11. d4 Qc7 12. Nbd2 Nc6 13. d5 Nd8 14. a4 Rb8 15. b4 Bd7 16. bxc5 Qxc5 17. axb5 axb5 18. Ba3 Qxc3 19. Re3 Qc7 20. Bb4 Rc8 21. Rc3 Qb6 22. Rxc8 Bxc8 23. Bd3 Re8 24. Ba5 Qb8 25. Rb1 Qa7 26. Bb4 Bd7 27. Qf1 Qb6 28. Ba3 Qa7 29. Rb3 Nb7 30. Bxb5 1/2-1/2

[Event "FICGS W-ch st2 g02 email"]
[Site "FICGS email"]
[Date "2008.01.17"]
[Round "1"]
[White "Plante, Marc Eric"]
[Black "Stephenson, Andrew"]
[Result "0-1"]
[WhiteElo "2256"]
[BlackElo "2142"]
[PlyCount "74"]
[EventDate "2008.??.??"]
[EventType "tourn (corr)"]
[EventRounds "8"]
[SourceTitle "Corr 2022"]
[Source "ChessBase"]
[SourceDate "2021.10.24"]
[SourceVersion "1"]
[SourceVersionDate "2021.10.24"]
[SourceQuality "1"]

1. e4 c5 2. Nf3 d6 3. d4 cxd4 4. Nxd4 Nf6 5. Nc3 a6 6. Be3 e5 7. Nb3 Be6 8. f3 Be7 9. Qd2 0-0 10. 0-0-0 Nbd7 11. g4 b5 12. g5 b4 13. Ne2 Ne8 14. Ng3 a5 15. Kb1 a4 16. Nc1 b3 17. cxb3 axb3 18. Nxb3 Rxa2 19. Kxa2 Qa8+ 20. Kb1 Bxb3 21. Bd3 d5 22. Nf5 Bc5 23. Bxc5 Nxc5 24. Qc3 Qa2+ 25. Kc1 Nxd3+ 26. Qxd3 d4 27. Qb1 Qa4 28. Kd2 Nc7 29. Ke2 Bxd1+ 30. Rxd1 Ne6 31. Qc1 Rb8 32. Kf2 g6 33. Ne7+ Kg7 34. Nd5 Rc8 35. Qxc8 Qxd1 36. Qb8 Qd2+ 37. Kf1 Qxg5 0-1

[Event "FICGS class A 000032 email"]
[Site "FICGS email"]
[Date "2007.11.30"]
[Round "1"]
[White "Stephenson, Andrew"]
[Black "Markus, Roland"]
[Result "1-0"]
[WhiteElo "2104"]
[BlackElo "2140"]
[PlyCount "119"]
[EventDate "2007.??.??"]
[EventType "tourn (corr)"]
[EventRounds "6"]
[SourceTitle "Corr 2022"]
[Source "ChessBase"]
[SourceDate "2021.10.24"]
[SourceVersion "1"]
[SourceVersionDate "2021.10.24"]
[SourceQuality "1"]

1. e4 c6 2. d4 d5 3. Nc3 dxe4 4. Nxe4 Bf5 5. Ng3 Bg6 6. h4 h6 7. Nf3 Nd7 8. h5 Bh7 9. Bd3 Bxd3 10. Qxd3 e6 11. Bf4 Qa5+ 12. Bd2 Bb4 13. c3 Be7 14. c4 Qc7 15. 0-0-0 Ngf6 16. Rde1 a5 17. Kb1 a4 18. Nh4 a3 19. Ngf5 Bf8 20. Ng6 fxg6 21. Rxe6+ Kd8 22. Nh4 Qb6 23. b3 gxh5 24. Ng6 Rg8 25. Ne5 Bb4 26. c5 Qa6 27. Nf7+ Kc8 28. Nd6+ Kb8 29. Qxa6 Rxa6 30. Bxb4 Nd5 31. Bd2 N7f6 32. Kc2 Rf8 33. f3 Kc7 34. Rhe1 g5 35. Ne4 Raa8 36. Nxf6 Nxf6 37. Re7+ Kb8 38. R1e6 Nd5 39. Rg7 g4 40. f4 Ra7 41. Rxh6 b6 42. Rxa7 Kxa7 43. cxb6+ Kxb6 44. g3 Rf5 45. Kd3 Kc7 46. Rh7+ Kc8 47. Ke4 Rf8 48. Rh6 Kc7 49. f5 Kb6 50. Bc1 Kb5 51. Bxa3 Ra8 52. Bd6 Rxa2 53. f6 Rf2 54. Ke5 h4 55. gxh4 g3 56. Rg6 g2 57. Rxg2 Rxf6 58. h5 Rh6 59. Rg5 Rh8 60. Kf5 1-0

[Event "FICGS W-ch st1 g01 email"]
[Site "FICGS email"]
[Date "2007.07.11"]
[Round "1"]
[White "Stephenson, Andrew"]
[Black "Carrizo, Jose Luis"]
[Result "1-0"]
[WhiteElo "2053"]
[BlackElo "1742"]
[PlyCount "91"]
[EventDate "2007.??.??"]
[EventType "tourn (corr)"]
[EventRounds "8"]
[SourceTitle "Corr 2022"]
[Source "ChessBase"]
[SourceDate "2021.10.24"]
[SourceVersion "1"]
[SourceVersionDate "2021.10.24"]
[SourceQuality "1"]

1. e4 e5 2. Nf3 Nc6 3. Bb5 a6 4. Ba4 d6 5. c3 Nf6 6. d4 Bd7 7. 0-0 Be7 8. Nbd2 0-0 9. Re1 exd4 10. cxd4 Nb4 11. Bxd7 Qxd7 12. Qb3 d5 13. e5 Nh5 14. a3 Nc6 15. Nb1 Nd8 16. Nc3 c6 17. Na4 Rb8 18. Nb6 Qf5 19. h3 Ne6 20. Nd7 Nxd4 21. Nxd4 Qxd7 22. g4 Bc5 23. Qc3 Bxd4 24. Qxd4 Rfe8 25. Bd2 c5 26. Qxc5 Rbc8 27. Qe3 Nf6 28. Qd3 Nxg4 29. hxg4 Qxg4+ 30. Qg3 Qe6 31. Rac1 b5 32. b3 Rxc1 33. Rxc1 d4 34. f4 Qd5 35. f5 h5 36. Bf4 d3 37. Kh2 d2 38. Rg1 g6 39. fxg6 f6 40. Rd1 fxe5 41. Bh6 Qb7 42. Rf1 d1Q 43. Rxd1 Rc8 44. Qf2 Qe7 45. Kg2 e4 46. Qf5 1-0

[Event "FICGS W-ch st1 g01 email"]
[Site "FICGS email"]
[Date "2007.07.11"]
[Round "1"]
[White "Stephenson, Andrew"]
[Black "Muranov, Vitaly"]
[Result "1-0"]
[WhiteElo "2053"]
[BlackElo "1600"]
[PlyCount "75"]
[EventDate "2007.??.??"]
[EventType "tourn (corr)"]
[EventRounds "8"]
[SourceTitle "Corr 2022"]
[Source "ChessBase"]
[SourceDate "2021.10.24"]
[SourceVersion "1"]
[SourceVersionDate "2021.10.24"]
[SourceQuality "1"]

1. e4 e5 2. Nf3 Nc6 3. Bb5 a6 4. Ba4 Nf6 5. 0-0 b5 6. Bb3 Be7 7. Re1 0-0 8. c3 d5 9. exd5 Nxd5 10. Nxe5 Nxe5 11. Rxe5 c6 12. d4 Bd6 13. Re1 Qh4 14. g3 Qh3 15. Qf3 Bg4 16. Qg2 Qh5 17. Be3 Bf3 18. Qf1 f5 19. Nd2 f4 20. Bxf4 Rxf4 21. Nxf3 Rxf3 22. Bd1 Raf8 23. Qg2 Qg4 24. h3 Nf4 25. gxf4 Qxg2+ 26. Kxg2 R3xf4 27. f3 R4f5 28. Bb3+ Kh8 29. Re6 Bb8 30. Rf1 Rg5+ 31. Kf2 Rg3 32. Ke2 Rc8 33. Re7 Rf8 34. Be6 Rg2+ 35. Rf2 Rg1 36. Kd3 Re1 37. Re2 Ra1 38. Bd7 1-0

[Event "FICGS rapid A 000018 email"]
[Site "FICGS email"]
[Date "2007.04.23"]
[Round "1"]
[White "De Silva, Dinesh"]
[Black "Stephenson, Andrew"]
[Result "1/2-1/2"]
[WhiteElo "2198"]
[BlackElo "2000"]
[PlyCount "44"]
[EventDate "2007.??.??"]
[EventType "tourn (rapid)"]
[EventRounds "6"]
[SourceTitle "Corr 2022"]
[Source "ChessBase"]
[SourceDate "2021.10.24"]
[SourceVersion "1"]
[SourceVersionDate "2021.10.24"]
[SourceQuality "1"]

1. e4 c5 2. Nf3 d6 3. d4 cxd4 4. Nxd4 Nf6 5. Nc3 a6 6. Be3 e5 7. Nb3 Be6 8. Qd2 Nbd7 9. f3 b5 10. a4 b4 11. Nd5 Bxd5 12. exd5 Nb6 13. Bxb6 Qxb6 14. a5 Qb7 15. Bc4 Be7 16. Ra4 Rb8 17. Nc1 Bd8 18. Nd3 Bxa5 19. Rxa5 Qc7 20. Rxa6 Qxc4 21. Rxd6 0-0 22. 0-0 Nxd5 1/2-1/2

[Event "FICGS rapid A 000018 email"]
[Site "FICGS email"]
[Date "2007.04.23"]
[Round "1"]
[White "Koch, Christian"]
[Black "Stephenson, Andrew"]
[Result "1/2-1/2"]
[WhiteElo "2152"]
[BlackElo "2000"]
[PlyCount "64"]
[EventDate "2007.??.??"]
[EventType "tourn (rapid)"]
[EventRounds "6"]
[SourceTitle "Corr 2022"]
[Source "ChessBase"]
[SourceDate "2021.10.24"]
[SourceVersion "1"]
[SourceVersionDate "2021.10.24"]
[SourceQuality "1"]

1. e4 c5 2. h3 d6 3. Nf3 Nf6 4. Nc3 Nc6 5. d4 cxd4 6. Nxd4 e6 7. Be2 Be7 8. 0-0 0-0 9. Be3 a6 10. Qd2 Bd7 11. Nf3 Rc8 12. Bf4 Qc7 13. a4 e5 14. Be3 Nb4 15. a5 Be6 16. Bb6 Qb8 17. Ng5 d5 18. exd5 Bxd5 19. Bf3 Bc4 20. Rfd1 h6 21. b3 hxg5 22. bxc4 Rxc4 23. Rab1 Re8 24. Be2 Rh4 25. Rb3 Qc8 26. Rdb1 Qc6 27. Rd1 Qe6 28. Be3 Rc8 29. Rdb1 Bd8 30. Rxb4 Rxb4 31. Rxb4 Bxa5 32. Rxb7 Bxc3 1/2-1/2

[Event "FICGS class A 000020 email"]
[Site "FICGS email"]
[Date "2007.04.23"]
[Round "1"]
[White "Stephenson, Andrew"]
[Black "Czekaj, Christophe"]
[Result "1-0"]
[WhiteElo "2000"]
[BlackElo "2013"]
[PlyCount "105"]
[EventDate "2007.??.??"]
[EventType "tourn (corr)"]
[EventRounds "6"]
[SourceTitle "Corr 2022"]
[Source "ChessBase"]
[SourceDate "2021.10.24"]
[SourceVersion "1"]
[SourceVersionDate "2021.10.24"]
[SourceQuality "1"]

1. d4 Nf6 2. c4 g6 3. Nc3 d5 4. cxd5 Nxd5 5. e4 Nxc3 6. bxc3 Bg7 7. Bc4 c5 8. Ne2 0-0 9. 0-0 Nc6 10. Be3 Bg4 11. f3 Na5 12. Bb5 cxd4 13. cxd4 Bd7 14. Bd3 Rc8 15. Rc1 b5 16. Qd2 Nc4 17. Bxc4 bxc4 18. Bh6 Bxh6 19. Qxh6 Qb6 20. Rfd1 Rfd8 21. Nc3 Bc6 22. Rb1 Qa5 23. Qe3 Rb8 24. d5 Bd7 25. Qd4 Rb6 26. e5 Bf5 27. Rxb6 axb6 28. a4 Bd3 29. d6 exd6 30. exd6 Qc5 31. Qxc5 bxc5 32. Nb5 Bc2 33. Ra1 Bd3 34. Kf2 c3 35. Nxc3 Rxd6 36. a5 Ba6 37. Rd1 Rc6 38. Rb1 Rc8 39. Ne4 Bd3 40. Rb6 Bxe4 41. fxe4 c4 42. Ke2 c3 43. Kd1 Rc4 44. Kc2 Ra4 45. a6 Ra3 46. g4 g5 47. Rf6 Kg7 48. e5 Ra5 49. Kxc3 Rxe5 50. Rf5 Re7 51. Rxg5+ Kf6 52. Ra5 Ra7 53. Kc4 1-0

[Event "FICGS class A 000020 email"]
[Site "FICGS email"]
[Date "2007.04.23"]
[Round "1"]
[White "Zedrov, Mikhail"]
[Black "Stephenson, Andrew"]
[Result "0-1"]
[WhiteElo "2007"]
[BlackElo "2000"]
[PlyCount "20"]
[EventDate "2007.??.??"]
[EventType "tourn (corr)"]
[EventRounds "6"]
[SourceTitle "Corr 2022"]
[Source "ChessBase"]
[SourceDate "2021.10.24"]
[SourceVersion "1"]
[SourceVersionDate "2021.10.24"]
[SourceQuality "1"]

1. e4 c5 2. Nf3 d6 3. d4 cxd4 4. Nxd4 Nf6 5. Nc3 a6 6. Bc4 e6 7. Bb3 Nbd7 8. f4 Nc5 9. 0-0 b5 10. e5 dxe5 0-1

[Event "CFriend AP-2004-Q-00017 email"]
[Site "Chessfriend.com"]
[Date "2004.09.10"]
[Round "1"]
[White "Stephenson, Andrew"]
[Black "Tudorache, Marian"]
[Result "1-0"]
[WhiteElo "1928"]
[BlackElo "2039"]
[PlyCount "53"]
[EventDate "2004.??.??"]
[EventType "tourn (corr)"]
[EventRounds "12"]
[SourceTitle "Corr 2024"]
[Source "ChessBase"]
[SourceDate "2023.10.19"]
[SourceVersion "1"]
[SourceVersionDate "2023.10.19"]
[SourceQuality "1"]

1. e4 c5 2. d4 cxd4 3. c3 dxc3 4. Nxc3 Nc6 5. Nf3 d6 6. Bc4 e6 7. 0-0 a6 8. Qe2 Be7 9. Rd1 b5 10. Bb3 Ra7 11. Be3 Rd7 12. Na4 bxa4 13. Bxa4 Bb7 14. Rac1 Nb8 15. e5 dxe5 16. Ba7 Bc6 17. Rxd7 Bxd7 18. Bxd7+ Nxd7 19. Qxa6 Ngf6 20. Rc8 0-0 21. Rxd8 Rxd8 22. Kf1 h6 23. a3 e4 24. Nd4 Nc5 25. Qc4 Nd3 26. Nc6 Rd7 27. b4 1-0

[Event "CFriend AP-2004-Q-00017 email"]
[Site "Chessfriend.com"]
[Date "2004.09.10"]
[Round "1"]
[White "Stokstad, Petter"]
[Black "Stephenson, Andrew"]
[Result "0-1"]
[WhiteElo "1824"]
[BlackElo "1928"]
[PlyCount "24"]
[EventDate "2004.??.??"]
[EventType "tourn (corr)"]
[EventRounds "12"]
[SourceTitle "Corr 2024"]
[Source "ChessBase"]
[SourceDate "2023.10.19"]
[SourceVersion "1"]
[SourceVersionDate "2023.10.19"]
[SourceQuality "1"]

1. d4 d5 2. c4 dxc4 3. e4 e5 4. d5 Nf6 5. Nc3 b5 6. Bg5 Bc5 7. Qf3 c6 8. Bxf6 Qxf6 9. Qxf6 gxf6 10. dxc6 Nxc6 11. Nxb5 Bb4+ 12. Nc3 Be6 0-1